| 000 | 01318nam a2200325Ia 4500 | ||
|---|---|---|---|
| 001 | ebr10273316 | ||
| 003 | CaPaEBR | ||
| 006 | m u | ||
| 007 | cr cn||||||||| | ||
| 008 | 961203s1997 enka sb 001 0 eng d | ||
| 010 | _z 96052308 | ||
| 020 | _z0198290683 | ||
| 020 | _z9780198290681 | ||
| 040 |
_aCaPaEBR _cCaPaEBR |
||
| 035 | _a(OCoLC)316575516 | ||
| 050 | 1 | 4 |
_aHD2755.5 _b.G688 1997eb |
| 082 | 0 | 4 |
_a338.8/8 _221 |
| 245 | 0 | 0 |
_aGovernments, globalization, and international business _h[electronic resource] / _cedited by John H. Dunning. |
| 260 |
_aOxford ; _aNew York : _bOxford University Press, _cc1997. |
||
| 300 |
_axviii, 518 p. : _bill. |
||
| 504 | _aIncludes bibliographical references and index. | ||
| 533 |
_aElectronic reproduction. _bPalo Alto, Calif. : _cebrary, _d2009. _nAvailable via World Wide Web. _nAccess may be limited to ebrary affiliated libraries. |
||
| 650 | 0 |
_aCompetition, International _vCase studies. |
|
| 650 | 0 |
_aEconomic policy _vCase studies. |
|
| 650 | 0 |
_aInternational business enterprises _xGovernment policy _vCase studies. |
|
| 655 | 7 |
_aElectronic books. _2local |
|
| 700 | 1 | _aDunning, John H. | |
| 710 | 2 | _aebrary, Inc. | |
| 856 | 4 | 0 |
_uhttp://site.ebrary.com/lib/rucke/Doc?id=10273316 _zAn electronic book accessible through the World Wide Web; click to view |
| 999 |
_c6836 _d6836 |
||